| 000 | 00646nam a22001937a 4500 | ||
|---|---|---|---|
| 999 |
_c195616 _d195616 |
||
| 005 | 20230406163042.0 | ||
| 010 | _aENG-136642 | ||
| 020 |
_c995.00 _a9788173055492 |
||
| 035 | _aEN-120174 | ||
| 037 | _bDBAD/PUB | ||
| 082 | _a726.1450954 | ||
| 245 | 0 | 0 |
_aThe Architecture Of The Hindus/ _cEdited By Ram Raz |
| 250 | _aFirst | ||
| 260 |
_bAryan Books International _aNew Delhi _c2016 |
||
| 270 |
_bNew Delhi _e110002 _aPooja Apartments, 4B, Ansari Road _k23287589 _k23255799 _l91-11-23270385 _maryanbooks@gmail.com |
||
| 300 |
_axv,vpp.; _c28cm(hbk) _bill. |
||
| 700 |
_aRaz, Ram _eEditor |
||
| 942 |
_2ddc _cEN _mARC _h726.1450954 |
||